Locke y Hume, Kant, Fichte / (Record no. 26395)

MARC details
000 -LEADER
campo de control de longitud fija 00848nam a2200265 i 4500
001 - NÚMERO DE CONTROL
campo de control 26395
003 - IDENTIFICADOR DE NÚMERO DE CONTROL
campo de control ES-MaACL
005 - FECHA Y HORA DE LA ÚLTIMA TRANSACCIÓN
campo de control 20251223063016.0
007 - CAMPO FIJO DE DESCRIPCIÓN FÍSICA--INFORMACIÓN GENERAL
campo de control de longitud fija t|
008 - DATOS DE LONGITUD FIJA--INFORMACIÓN GENERAL
campo de control de longitud fija 030109s1925 sp ||||1| spa d
100 0# - ENTRADA PRINCIPAL--NOMBRE DE PERSONA
Nombre de persona Aster, Ernst von
9 (RLIN) 23670
245 10 - MENCIÓN DEL TÍTULO
Título Locke y Hume, Kant, Fichte /
Mención de responsabilidad, etc. por E. von Aster, P. Menzer y F. Medicus.
260 ## - PUBLICACIÓN, DISTRIBUCIÓN, ETC.
Lugar de publicación, distribución, etc. Madrid :
Nombre del editor, distribuidor, etc. Revista de Occidente,
Fecha de publicación, distribución, etc. 1925.
300 ## - DESCRIPCIÓN FÍSICA
Extensión 118 p. ;
Dimensiones 23 cm.
490 1# - MENCIÓN DE SERIE
Mención de serie Los grandes pensadores ;
Designación de volumen o secuencia 5
600 14 - PUNTO DE ACCESO ADICIONAL DE MATERIA--NOMBRE DE PERSONA
Nombre de persona Locke, John.
9 (RLIN) 73046
600 14 - PUNTO DE ACCESO ADICIONAL DE MATERIA--NOMBRE DE PERSONA
Nombre de persona Hume, David,
Fechas asociadas al nombre 1711-1776
9 (RLIN) 64719
600 14 - PUNTO DE ACCESO ADICIONAL DE MATERIA--NOMBRE DE PERSONA
Nombre de persona Kant, Immanuel,
Fechas asociadas al nombre 1724-1804
9 (RLIN) 222608
600 14 - PUNTO DE ACCESO ADICIONAL DE MATERIA--NOMBRE DE PERSONA
Nombre de persona Fichte, Johann Gottlieb (
Fechas asociadas al nombre 1762-1814)
9 (RLIN) 50677
700 1# - ENTRADA AGREGADA--NOMBRE PERSONAL
Nombre de persona Menzer, P.
9 (RLIN) 80394
700 1# - ENTRADA AGREGADA--NOMBRE PERSONAL
Nombre de persona Medicus, F.
9 (RLIN) 79684
830 1# - PUNTO DE ACCESO ADICIONAL DE SERIE-TÍTULO UNIFORME
Título uniforme Los grandes pensadores ;
Designación de volumen o secuencia 5
9 (RLIN) 182825
852 ## - LOCALIZACIÓN
Ubicación ES-MaACL
Número de control de estantería C-6650
Holdings
Estatus retirado Estado de pérdida Estado de daño No para préstamo Biblioteca de origen Biblioteca actual Ubicación en estantería Fecha de adquisición Fuente de adquisición Total de préstamos Signatura topográfica completa Código de barras Visto por última vez Precio de reemplazo Tipo de ítem Koha
        Biblioteca del Ateneo de Madrid Biblioteca del Ateneo de Madrid Sala Palomar 17/01/2008     C-6650 1027243 23/02/2023 23/02/2023 Libro impreso